000
00253nam a2200097Ia 4500
008
120527s9999 xx 000 0 und d
100
_a
JABBAR, M.A
245
_a
Adoption pathways for new Agricultural Technologies
260
_b
ILR Institute
942
_c
BK
999
_c
25322
_d
25322